Flóra vybraných lokalít v západnej časti Slovenského krasu

Podrobná bibliografia
Hlavný autor: Šuvada, Róbert (Autor)
Médium: Článok
Jazyk:slovenčina
ISBN:9788089035786
Predmet:

MARC

LEADER 00000nab a2200000 a 4500
001 vtls009149128
003 SK-MaSNL
005 20260304160150.0
008 250507c2006 xo |r||||||||||00 ||slo
015 |a SNBRA2007/10  |2 snkbucl 
035 |a (uuid)49a81e38-d1d6-4629-b0e7-b0edc974e367 
035 |a urn:nbn:sk:snk-ab2xpc 
035 |a (urnnbn)urn:nbn:sk:snk:ar-a032wh 
038 |a SNKBUCL 
040 |a SNKBUCL  |b slo  |c SNKBUCL  |e AACR2 
041 0 |a slo  |b eng 
044 |a xo  |c SK 
080 |a 581.9  |x (437.6)  |2 2001 
080 |a 551.435.84  |x (437.6)  |2 2001 
100 1 |a Šuvada, Róbert  |4 aut  |9 442493 
245 1 0 |a Flóra vybraných lokalít v západnej časti Slovenského krasu  |c Róbert Šuvada 
504 |a Bibliogr. odkazy 
546 |a Res. angl. 
650 0 7 |a flóra  |2 SNKPH  |9 85117 
650 0 7 |a krasové oblasti  |2 snkbucl  |9 81827 
651 7 |a Slovenský kras (Slovensko : pohorie)  |2 snkbucl  |9 14008 
773 0 |t Ochrana prírody 25  |d Banská Bystrica : Štátna ochrana prírody Slovenskej republiky, 2006  |g S. 31-38  |z 9788089035786 
850 |a Slovenská národná knižnica 
852 |a Slovenská národná knižnica 
954 |a odborná, vedecká literatúra pôvodná (slovenská)  |2 lita 
958 |a article2022 
958 |a NB 
958 |a OND 
958 |a EUIPO 
999 |c 2965813  |d 2967743